| 000 | 00693nam a2200277Ia 4500 | ||
|---|---|---|---|
| 008 | 180803s9999 xx 000 0 und d | ||
| 020 | _a0590223135 | ||
| 050 | _bM682 1993 | ||
| 100 | _aMitchell, Margaree King | ||
| 245 | 0 | _aUncle Jed's barbershop / | |
| 245 | 0 | _cby Margaree King Mitchell ; illustrated by James Pansome. | |
| 260 | _aNew York, New York : | ||
| 260 | _bScholastic, | ||
| 260 | _c1993 | ||
| 300 | _aunpaged : | ||
| 300 | _bcolored ; | ||
| 300 | _c29cm. | ||
| 500 | _a710 | ||
| 650 | _aAfrican Americans. | ||
| 650 | _aBarbers. | ||
| 650 | _aPoverty. | ||
| 650 | _aSick children. | ||
| 650 | _aUncles. | ||
| 700 | _aRansome, James. | ||
| 700 | _aTitle. | ||
| 999 |
_c358270 _d358270 |
||